| 000 | 00691nam a22002537a 4500 | ||
|---|---|---|---|
| 001 | BR9511884 | ||
| 003 | BR-BrBNA | ||
| 005 | 20230928094900.0 | ||
| 007 | ta | ||
| 008 | 230509b bl.||||| |||| 00| 0 por d | ||
| 040 |
_aBR-BrBNA _bpor _cBiblioteca Nacional de Agricultura |
||
| 041 | _a(Por) | ||
| 072 | _aP06 | ||
| 090 | _ P06 BR9511884 | ||
| 100 | 1 | _aTrindade, S.C. | |
| 111 | 1 |
_a1. Congresso Brasileiro de Energia _cRio de Janeiro, RJ (Brazil) _d10-14 Dec 1978 |
|
| 245 | 1 | _aEnergia de biomassas vegetais | |
| 260 | 3 |
_aRio de Janeiro, RJ (Brasil): _c1978. |
|
| 300 | _a[vp] | ||
| 500 | _a8 tables | ||
| 650 | _aBiomassa | ||
| 909 |
_a202309 _bLucia _c55 _dLucia Elande |
||
| 942 | _cBK | ||
| 999 |
_c53200 _d53200 |
||